000 01114nam a2200253 a 4500
003 BD-RjUL
005 20230622101853.0
008 230622s20202000ii |||| |||| 00| 0 ben d
020 _c9788129522252
035 _a(BD-RjUL)
040 _aBD-RjUL
_bben
_cBD-RjUL
_dBD-RjUL
041 _aben
082 _223
_a891.44109
_bBAK 2020
100 1 _aবসু, শঙ্করীপ্রসাদ
_9146779
245 1 _aকবি ভারতচন্দ্র /
_cশঙ্করীপ্রসাদ বসু
250 _aদে’জ সংস্করণ
260 _aকলকাতা :
_bদে’জ পাবলিশিং,
_c২০০০, [পুনর্মুদ্র্রণ ২০২০]
300 _a৪৩২ পৃ. ;
_c১৯সেমি.
650 _aবাংলা কবিতা
_vইতিহাস ও সমালোচনা
_9117724
650 _aBengali poetry
_vHistory and Criticism
_9117725
650 _aবাংলা সাহিত্য
_xইতিহাস ও সমালোচনা
650 _aBengali Literature
_xHistory and Criticism
942 _2ddc
_cBK
999 _c81536
_d81536